| 000 | 00696cam a22002293a 4500 | ||
|---|---|---|---|
| 001 | 5206 | ||
| 003 | PGUSA | ||
| 005 | 20140828083115.0 | ||
| 008 | 040301s2004||||xxu|||||s|||||000 | eng d | ||
| 040 |
_aPGUSA _beng |
||
| 042 | _adc | ||
| 050 | 4 | _aTH | |
| 245 | 1 | 0 |
_aFires and Firemen : _bfrom the Eclectic Magazine of Foreign Literature, Science and Art, Vol XXXV No. 1, May 1855 _h[electronic resource] / _cAnonymous |
| 260 |
_bProject Gutenberg, _c2004 |
||
| 506 | _aPublic domain in the USA. | ||
| 516 | _aElectronic text | ||
| 653 | _aFire prevention | ||
| 653 | _aFire departments | ||
| 830 | 0 |
_aProject Gutenberg _v5206 |
|
| 856 | 4 | 0 | _uhttp://www.gutenberg.org/ebooks/5206 |
| 942 | _cEB | ||
| 999 |
_c234535 _d234535 |
||